OECD Integrity Review of Nuevo León, Mexico Sustaining Integrity Reforms

Gespeichert in:
Bibliographische Detailangaben
Format: Buch
Sprache:Englisch
Veröffentlicht: Paris OECD 2018
Schriftenreihe:OECD Public Governance Reviews
Schlagworte:
Tags: Tag hinzufügen
Keine Tags, Fügen Sie das erste Tag hinzu!

MARC

LEADER 00000nam a2200000 4500
001 0253255
005 20221220065744.9
020 |a 978-92-64-20827-8 
041 0 |a eng 
044 |a FR 
245 1 0 |a OECD Integrity Review of Nuevo León, Mexico  |b Sustaining Integrity Reforms 
264 1 |a Paris  |b OECD  |c 2018 
300 |a 235 s. 
490 1 |a OECD Public Governance Reviews 
830 0 |a OECD Public Governance Reviews 
610 2 0 |a správa verejná 
610 2 0 |a integrácia 
610 2 0 |a kohézia 
610 2 0 |a reformy 
610 2 0 |a kultúra 
610 2 0 |a riadenie rizík 
610 2 0 |a kontrola vnútorná 
610 2 0 |a plán 
610 2 0 |a Mexiko